000 00712nam a2200181 i 4500
001 41926
003 ES-MaACL
005 20230906160522.0
007 t|
008 030312q1790 sp |||| | spa d
100 1 _aCarbonell y Bravo, Francisco.
_935069
245 1 0 _aDisertación sobre el alkali volátil
_b: leída en las oposiciones públicas para las plazas vacantes de la Real Botica /
_cpor Francisco Carbonell y Bravo...
260 _aEn Barcelona :
_bpor Francisco Suriá y Burgada ...,
_c[1790]
300 _a[4] h., 30 p. ;
_c20 cm.
500 _aPreliminares fechados en 1790.
650 1 4 _aÁlcalis-
_vObras anteriores a 1800.
_99711
852 _aES-MaACL
_jR-3431(4)
_z. - Ex libris de Mateo Seoane
999 _c41926
_d41926